| 000 | 00473nam a2200157 i 4500 | ||
|---|---|---|---|
| 001 | 23371 | ||
| 003 | ES-MaACL | ||
| 005 | 20230906152847.0 | ||
| 007 | t| | ||
| 008 | 021210s1951 sp ||||1| spa d | ||
| 100 | 1 |
_aAlvarez de Estrada, Juan. _920757 |
|
| 245 | 1 | 3 |
_aLa extravagancia en la pintura moderna / _cpor Juan Alvarez de Estrada. |
| 260 |
_aMadrid : _b[s.n., _c1951] ( _fImp. Estades) |
||
| 300 |
_a121 p., 6 lám. ; _c19 cm. |
||
| 852 |
_aES-MaACL _jD-7019 _bR.31736 |
||
| 999 |
_c23371 _d23371 |
||